000 02011cam a22005054i 4500
003 PE-LiUPU
005 20250731165506.0
008 150623s r 000 0 d
020 _a0830814523
035 _a(Sirsi) i9780830814527
040 _aPE-LiUPU
_bspa
_cPE-LiUPU
_erda
049 _aPRUA
082 0 4 _a220.609 22
_bH44
_221
245 0 0 _aHistorical handbook of major biblical interpreters /
_ceditor, Donald K. McKim.
264 1 _aDowners Grove, Illinois :
_bInterVarsity Press,
_c1998.
300 _a643 páginas ;
_c24 centímetros
336 _atext
_2rdacontent
337 _aunmediated
_2rdamedia
338 _avolume
_2rdacarrier
504 _aIncluye bibliografía.
505 0 _aBiblical interpretation in the early church. -Biblical interpretation in the middle ages. -Biblical interpretation in the 16th and 17th. -Biblical interpretation in the 18th and 19th. -Biblical interpretation in Europe in the 20th. -Biblical interpretation in north america in the 20th century.
526 _aSEG44
526 _aSEG26
526 _aP151
526 _aP150
526 _aP149
526 _aP146
526 _aP145
526 _aP126
526 _aP125
526 _aP92
526 _aP75
526 _aP74
526 _aP27
526 _aP15
630 _aBiblia
_xCrítica, interpretación, etc.
_vHistoria.
650 0 4 _aEstudiosos de la Biblia.
700 1 _aDonald K. McKim,
_eed.
942 _2ddc
_cBOOK
949 _aRC 220.609 22 H44
_wDEWEY
_c1
_i47389
_d2015-11-26
_lCCODEBUL1
_mBUL
_q1
_r0
_sY
_tBOOK
_u2015-6-24
_xTEOLOGIA
_PP35
_0COMPRA
_o.CIRCNOTE. No olvidar cambiar la fecha de devolución!!!!!!!
_o.STAFF. Colección General
994 _aC0
_bPEPRU
596 _a1
999 _aRC 220.609 22 H44
_wDEWEY
_c23944
_i47389
_d23944
_f2021-11-8
_g6
_lCCODEBUL1
_mBUL
_q1
_r1
_sY
_tBOOK
_u2015-6-24
_xTEOLOGIA
_PP35
_0COMPRA
_o.CIRCNOTE. No olvidar cambiar la fecha de devolución!!!!!!!
_o.STAFF. Colección General
980 _81
_gALBERTO SANCHEZ Responsable de Automatización